T. E. Lawrence /

محفوظ في:

المؤلف الرئيسي: Wilson, Jeremy (مؤلف)

التنسيق: كتاب

اللغة: English

منشور في: London : National Portrait Gallery, 1988.

الموضوعات:

الوسوم: إضافة وسم

لا توجد وسوم, كن أول من يضع وسما على هذه التسجيلة!

رقم الطلب: D568.4 .L45 W5 1988

LEADER 00782namaa2200253 4500
001 12167
003 OSt
005 20250318094517.0
008 130303s1988 enkach bc 001 0 eng d
020 |a 0904017869 
040 |c ARCE Library 
043 |a e-uk--- 
050 4 |a D568.4 .L45 W5 1988 
100 1 |a Wilson, Jeremy,  |e author 
245 1 0 |a T. E. Lawrence /   |c Jeremy Wilson. 
264 1 |a London :  |b National Portrait Gallery,  |c 1988. 
300 |a 248 pages :  |b illustrations, facsimiles, portraits ;  |c 30 cm. 
504 |a Includes bibliographical references and index. 
555 |a .alaa-sweed 
600 1 0 |a Lawrence, T. E.  |q (Thomas Edward),  |d 1888-1935  |v Exhibitions. 
650 0 |a Soldiers  |z Great Britain  |v Exhibitions. 
901 |a reviewed 
942 |c BK  |2 lcc 
999 |c 10636  |d 10636